| 000 | 01458nam a22003494a 4500 | ||
|---|---|---|---|
| 001 | ebr10173518 | ||
| 003 | CaPaEBR | ||
| 006 | m u | ||
| 007 | cr cn||||||||| | ||
| 008 | 020715s2003 enka sb 000 0 eng | ||
| 010 | _z 2002011122 | ||
| 020 | _z0851995497 (alk. paper) | ||
| 040 |
_aCaPaEBR _cCaPaEBR |
||
| 035 | _a(OCoLC)228171711 | ||
| 050 | 1 | 4 |
_aSB185.7 _b.C76 2003eb |
| 082 | 0 | 4 |
_a631.5/2 _221 |
| 245 | 0 | 0 |
_aCrop variety improvement and its effect on productivity _h[electronic resource] : _bthe impact of international agricultural research / _cedited by R.E. Evenson and D. Gollin. |
| 260 |
_aWallingford, Oxon, UK ; _aCambridge, MA, USA : _bCABI Pub., _cc2003. |
||
| 300 |
_axxv, 522 p. : _bill. |
||
| 504 | _aIncludes bibliographical references. | ||
| 533 |
_aElectronic reproduction. _bPalo Alto, Calif. : _cebrary, _d2013. _nAvailable via World Wide Web. _nAccess may be limited to ebrary affiliated libraries. |
||
| 650 | 0 |
_aField crops _xBreeding. |
|
| 650 | 0 |
_aField crops _xGenetics. |
|
| 650 | 0 | _aCrop improvement. | |
| 650 | 0 |
_aAgriculture _xResearch _xInternational cooperation. |
|
| 650 | 0 | _aAgricultural productivity. | |
| 655 | 7 |
_aElectronic books. _2local |
|
| 700 | 1 |
_aEvenson, Robert E. _q(Robert Eugene), _d1934- |
|
| 700 | 1 | _aGollin, Douglas. | |
| 710 | 2 | _aebrary, Inc. | |
| 856 | 4 | 0 |
_uhttp://site.ebrary.com/lib/rucke/Doc?id=10173518 _zAn electronic book accessible through the World Wide Web; click to view |
| 999 |
_c138003 _d138003 |
||